000 00531nam a2200169 i 4500
001 59133
003 ES-MaACL
005 20231205181747.0
007 t|
008 031027s19631968sp ||||1| spa d
245 0 0 _aEnciclopedia de la cultura española /
_c[director Florentino Pérez-Embid].
260 _aMadrid :
_bEditora Nacional,
_c[1963-1968]
300 _a5 v. :
_bil. ;
_c29 cm.
700 1 _aPérez-Embid, Florentino,
_d1918-1974
_990840
852 _aES-MaACL
_jC-41431-35
_bR.59785
999 _c59133
_d59133